Statystyki dla Rozpoznaj państwo po zdjęciu #5

Kliknij tutaj aby rozwiązać quiz!

Ogólne statystyki

  • Ten quiz został rozwiązany 53 razy
    (33 od ostatniego zresetowania)
  • Średni wynik to 4 z 10

Statystyki odpowiedzi

Odpowiedź% Poprawnych
Polska
86%
Kolumbia
57%
Wietnam
57%
Iran
43%
Finlandia
36%
Nigeria
36%
Nowa Zelandia
32%
Demokratyczna Republika Konga
29%
Gruzja
25%
Filipiny
18%

Rozkład punktacji

Percentyl według liczby udzielonych odpowiedzi

Procent ludzi z każdym wynikiem

Twoja historia wyników

Nie rozwiązałeś tego quizu od ostatniego zresetowania